| 000 | 00445nam a22001697a 4500 | ||
|---|---|---|---|
| 005 | 20180206130934.0 | ||
| 008 | 160523b xxu||||| |||| 00| 0 eng d | ||
| 020 | _a978-81-7446-716-4 | ||
| 041 | _aeng | ||
| 082 |
_b4459 _a005.36 |
||
| 100 |
_aSah, Ash Narayan _91097 |
||
| 245 | _aData Analysis uses Microsoft Excel | ||
| 260 |
_aNew Delhi _bAcademic Faundation _c2009 |
||
| 300 | _a193 | ||
| 650 |
_aInformation Technology _9137 |
||
| 942 | _cBK | ||
| 999 |
_c1490 _d1490 |
||